Copa do Mundo FIFA de 1934 - Statistics

Estatísticas Gerais
  • Esse quiz foi jogado 146 vezes
  • A pontuação média é 12 de 16
Estatísticas das Respostas
Paíes Participantes % Correto
Brasil
99%
Argentina
94%
Alemanha
93%
Itália
93%
França
90%
Suécia
85%
Espanha
82%
Hungria
81%
Estados Unidos
80%
Suiça
78%
Austria
72%
Tchecoslováquia
68%
Países Baixos
63%
Belgica
61%
Romênia
56%
Egito
44%
Nenhum quiz correspondente encontrado
Distribuição das Pontuações
Porcentagem de Pessoas com Cada Pontuação
Percentil de Números Respondidos
Sua Pontuação Histórica
Você não jogou esse quiz